| 000 | 00672nam a2200229Ia 4500 | ||
|---|---|---|---|
| 001 | 16733 | ||
| 003 | GE_BSU | ||
| 008 | 181216s||||||||xx |||||||||||||| ||und|| | ||
| 040 | _cGE_BSU | ||
| 080 | _a82-93:821.161.1-3 | ||
| 100 | _aდუბოვი, ნ. | ||
| 245 | _aობოლი | ||
| 245 | _bმოთხრობები | ||
| 245 | _cთარგმ. ს. ხუნდაძისა. რედ. ა. გაბესკირია | ||
| 260 | _aთბილისი | ||
| 260 | _bნაკადული | ||
| 260 | _c1960 | ||
| 300 | _a346გვ. ; 23სმ | ||
| 653 | _aმოთხრობები | ||
| 653 | _aობოლი | ||
| 942 | _cBK | ||
| 999 |
_c49798 _d49798 |
||